Countries with V - Statistics

General Stats
  • This quiz has been taken 39 times
  • The average score is 14 of 18
Answer Stats
Country % Correct
Venezuela
100%
Vanuatu
97%
Vietnam
94%
Vatican City
89%
Latvia
83%
Moldova
83%
Slovenia
83%
Tuvalu
83%
Slovakia
80%
Kosovo
77%
Saint Vincent and theGrenadines
74%
Saint Kitts and Nevis
71%
Bolivia
69%
Cape Verde
69%
Bosnia and Herzegovina
69%
El Salvador
66%
Ivory Coast
66%
Maldives
60%
No matching quizzes found
Score Distribution
Percent of People with Each Score
Percentile by Number Answered
Your Score History
You have not taken this quiz